000 00276nam a2200097Ia 4500
001 983172
005 20251230104811.0
008 250824s9999 xx 000 0 und d
245 0 _aÇOCUKLAR İÇİN SHERLOCK HOLMES - EMEKLEYEN ADAM
_cSİR ARTHUR CONAN DOYLE
260 _bRen Kitap
999 _c983172
_d983172